Central Library OPAC University of Rajshahi

Genetics : (Record no. 85816)

MARC details
000 -LEADER
fixed length control field 00618nam a2200217 a 4500
001 - CONTROL NUMBER
control field 85816
003 - CONTROL NUMBER IDENTIFIER
rucl marc code BD-RjUL
005 - DATE AND TIME OF LATEST TRANSACTION
control field 20251008143742.0
008 - FIXED-LENGTH DATA ELEMENTS--GENERAL INFORMATION
fixed length control field 251008s19711958us ||||| |||| 00| 0 eng d
035 ## - SYSTEM CONTROL NUMBER
System control number (BD-RjUL)85816
040 ## - CATALOGING SOURCE
Original cataloging agency BD-RjUL
Language of cataloging eng
Transcribing agency BD-RjUL
041 ## - LANGUAGE CODE
Language code of text/sound track or separate title eng
082 ## - DEWEY DECIMAL CLASSIFICATION NUMBER
Edition number 23
Classification number 576.5
Author mark and year WIG 1971
100 ## - MAIN ENTRY--PERSONAL NAME
Personal name Winchester, A. M.
9 (RLIN) 17109
245 ## - TITLE STATEMENT
Title Genetics :
Remainder of title laboratory manual /
Statement of responsibility, etc. A. M. Winchester.
260 ## - PUBLICATION, DISTRIBUTION, ETC. (IMPRINT)
Place of publication, distribution, etc. Dubuque, Iowa :
Name of publisher, distributor, etc. W.C. Brown,
Date of publication, distribution, etc. 1958
300 ## - PHYSICAL DESCRIPTION
Pagination 128 pages :
Illustrations illustrations ;
Size 28 cm.
650 ## - SUBJECT ADDED ENTRY--TOPICAL TERM
Topical term or geographic name as entry element Genetics
Topical term or geographic name as entry element Genetics
General subdivision Laboratory manuals
9 (RLIN) 17110
942 ## - ADDED ENTRY ELEMENTS (KOHA)
Source of classification or shelving scheme Dewey Decimal Classification
Koha item type Books
Holdings
Lost status Source of classification or shelving scheme Damaged status Not for loan Collection code Permanent Location Current Location Shelving location Date acquired Total Checkouts Full call number Date last seen Copy number Koha item type
  Dewey Decimal Classification   Not For Loan Non-fiction Central Library, University of Rajshahi Central Library, University of Rajshahi Reading Room 08/10/2025   576.5 WIG 1971 08/10/2025 C-1 Books